[Event "10. HIT Open 2005 - B"]
[Site "Nova Gorica SLO"]
[Date "2005.02.01"]
[Round "7.23"]
[White "Valic, Marjan"]
[Black "Portelli, Severino"]
[Result "1/2-1/2"]
[WhiteElo "1565"]
[BlackElo "1903"]
[PlyCount "65"]
[EventDate "2005.01.28"]
[EventType "swiss"]
[EventRounds "9"]
[EventCountry "SLO"]
[Source "lmi"]
[SourceDate "2005.02.03"]

1. e4 e5 2. Bc4 Bc5 3. Qf3 Nf6 4. Nc3 O-O 5. h3 Nc6 6. Nge2 Nb4 7. Bb3 Nc6 8.
a3 Nd4 9. Nxd4 exd4 10. Nd5 Nxd5 11. Bxd5 c6 12. Ba2 d6 13. O-O Be6 14. d3 Qe7
15. Qg3 Bxa2 16. Rxa2 Rad8 17. f4 f5 18. Re1 Qf7 19. Ra1 fxe4 20. Rxe4 d5 21.
Re1 Bd6 22. Rf1 Rde8 23. Qg4 Re6 24. Bd2 Rf6 25. Rf2 Bxf4 26. Bxf4 Rxf4 27.
Rxf4 Qxf4 28. Qxf4 Rxf4 29. Re1 Rf8 30. Re7 Rf7 31. Re8+ Rf8 32. Re7 Rf7 33.
Rxf7 1/2-1/2

[Event "10. HIT Open 2005 - B"]
[Site "Nova Gorica SLO"]
[Date "2005.02.01"]
[Round "7.24"]
[White "Pulec, Lea"]
[Black "Winkler, Silvo"]
[Result "1/2-1/2"]
[WhiteElo "1554"]
[BlackElo "1783"]
[PlyCount "28"]
[EventDate "2005.01.28"]
[EventType "swiss"]
[EventRounds "9"]
[EventCountry "SLO"]
[Source "lmi"]
[SourceDate "2005.02.03"]

1. e4 e6 2. d4 d5 3. e5 c5 4. Nf3 Nc6 5. Bb5 Bd7 6. Bxc6 Bxc6 7. O-O Qb6 8. b3
Rc8 9. Be3 a6 10. Nbd2 cxd4 11. Bxd4 Bc5 12. Bxc5 Qxc5 13. Rc1 Ne7 14. c4 O-O
1/2-1/2

[Event "10. HIT Open 2005 - B"]
[Site "Nova Gorica SLO"]
[Date "2005.02.02"]
[Round "8.1"]
[White "Laco, Giuseppe"]
[Black "Skoberne, Renato"]
[Result "1-0"]
[WhiteElo "2104"]
[BlackElo "2083"]
[PlyCount "79"]
[EventDate "2005.01.28"]
[EventType "swiss"]
[EventRounds "9"]
[EventCountry "SLO"]
[Source "lmi"]
[SourceDate "2005.02.03"]

1. c4 Nf6 2. Nc3 g6 3. d4 Bg7 4. e4 d6 5. f3 Na6 6. Be3 c6 7. Qd2 Qa5 8. Rd1
O-O 9. Bd3 e5 10. d5 cxd5 11. cxd5 Bd7 12. Nge2 Nc5 13. Bc2 b5 14. a3 Qc7 15.
b4 Na4 16. Nxa4 bxa4 17. Rc1 Qb7 18. Nc3 Rac8 19. Bd3 Nh5 20. g3 f5 21. Qe2
Rcd8 22. Ba6 Qb8 23. Qf2 fxe4 24. Nxe4 Bg4 25. Bxa7 Qa8 26. Be2 Kh8 27. Rd1 Rd7
28. Be3 Bf5 29. Ng5 Bc2 30. O-O Bxd1 31. Rxd1 Rc8 32. Bb5 Re7 33. Ne4 Nf6 34.
Nxd6 Rc3 35. Bc6 Qb8 36. Bc5 e4 37. Nxe4 Nxe4 38. fxe4 Rxe4 39. d6 Bf6 40.
Qxf6+ 1-0

[Event "10. HIT Open 2005 - B"]
[Site "Nova Gorica SLO"]
[Date "2005.02.02"]
[Round "8.2"]
[White "Budihna, Kristijan"]
[Black "Picco, Ruggero"]
[Result "1/2-1/2"]
[WhiteElo "2023"]
[BlackElo "2022"]
[PlyCount "88"]
[EventDate "2005.01.28"]
[EventType "swiss"]
[EventRounds "9"]
[EventCountry "SLO"]
[Source "lmi"]
[SourceDate "2005.02.03"]

1. e4 e5 2. Nf3 Nc6 3. Nc3 d6 4. h3 f5 5. d3 Nf6 6. Bg5 Be7 7. Be2 O-O 8. Qd2
a6 9. Bxf6 Bxf6 10. Nd5 Ne7 11. Ne3 b5 12. exf5 Nxf5 13. O-O-O c5 14. Rdg1 Nd4
15. c3 Nxe2+ 16. Qxe2 Be6 17. b3 Qa5 18. Nd1 Bd5 19. c4 Bc6 20. Kb1 Rfe8 21.
Qd2 Qd8 22. Nc3 bxc4 23. dxc4 e4 24. Ne1 Bd4 25. Nc2 Qf6 26. Nd1 a5 27. a4 Rab8
28. Ka2 Rb7 29. Nde3 Bxa4 30. Rb1 Bc6 31. Ng4 Qe6 32. Nxd4 cxd4 33. Qxd4 d5 34.
Ne3 Rb4 35. cxd5 Rxd4 36. dxe6 Rxe6 37. Rhd1 Red6 38. Rxd4 Rxd4 39. Rd1 Rxd1
40. Nxd1 Kf7 41. Ka3 Ke6 42. Ne3 Bb5 43. Kb2 Ke5 44. Kc3 h5 1/2-1/2

[Event "10. HIT Open 2005 - B"]
[Site "Nova Gorica SLO"]
[Date "2005.02.02"]
[Round "8.3"]
[White "Ursic, Mateja"]
[Black "Skok, Joze"]
[Result "1-0"]
[WhiteElo "2048"]
[BlackElo "2102"]
[PlyCount "73"]
[EventDate "2005.01.28"]
[EventType "swiss"]
[EventRounds "9"]
[EventCountry "SLO"]
[Source "lmi"]
[SourceDate "2005.02.03"]

1. e4 c6 2. d4 d5 3. exd5 cxd5 4. Bd3 Nc6 5. c3 Nf6 6. Bf4 Bg4 7. Qb3 Qd7 8.
Nd2 e6 9. Ngf3 Bxf3 10. Nxf3 Nh5 11. Bg3 Nxg3 12. hxg3 h6 13. g4 g6 14. O-O-O
O-O-O 15. Bb5 Bg7 16. Ne5 Bxe5 17. dxe5 a6 18. Bxc6 Qxc6 19. Rd4 Kb8 20. Kb1 g5
21. Qc2 Qc7 22. Qe2 Qe7 23. Rb4 Ka8 24. Qe3 Rc8 25. g3 f6 26. exf6 Qxf6 27. Rb6
Rce8 28. Rd1 Qg6+ 29. Ka1 h5 30. gxh5 Rxh5 31. a3 g4 32. Ka2 Rf5 33. Rd4 Qf6
34. Rdb4 Re7 35. Rxa6+ bxa6 36. Qb6 Qf8 37. Qxa6+ 1-0

[Event "10. HIT Open 2005 - B"]
[Site "Nova Gorica SLO"]
[Date "2005.02.02"]
[Round "8.4"]
[White "Ursic, Aleksander"]
[Black "Visintin, Roberto"]
[Result "0-1"]
[WhiteElo "1948"]
[BlackElo "1940"]
[PlyCount "104"]
[EventDate "2005.01.28"]
[EventType "swiss"]
[EventRounds "9"]
[EventCountry "SLO"]
[Source "lmi"]
[SourceDate "2005.02.03"]

1. d4 d5 2. Nf3 Nf6 3. Bg5 c6 4. c4 e6 5. Bxf6 Qxf6 6. e3 Nd7 7. Nc3 Qd8 8. Bd3
Bd6 9. Qc2 h6 10. Rc1 O-O 11. O-O dxc4 12. Bxc4 e5 13. Ne4 Bb8 14. d5 cxd5 15.
Bxd5 Nb6 16. Bb3 Bd7 17. Rfd1 Qe7 18. Rd3 Rc8 19. Rc3 Rxc3 20. Nxc3 Bd6 21. Nd5
Nxd5 22. Bxd5 Rc8 23. Qd1 Rxc1 24. Qxc1 e4 25. Bxb7 exf3 26. Bxf3 Qe5 27. g3
Qc5 28. Qd1 Bc6 29. Bxc6 Qxc6 30. Qd4 Qc5 31. Qe4 Qc1+ 32. Kg2 Qxb2 33. Qa8+
Qb8 34. Qc6 a5 35. a4 Bb4 36. h4 Qe5 37. Qc8+ Kh7 38. Qc2+ f5 39. Kf3 Qe4+ 40.
Qxe4 fxe4+ 41. Kxe4 Be1 42. Kf3 Kg6 43. e4 h5 44. Ke2 Bb4 45. f4 Kf6 46. Kf2
Ke6 47. Ke2 Bc3 48. Kf2 Kd6 49. Kf3 Be1 50. g4 g6 51. f5 gxf5 52. exf5 Ke5 0-1

[Event "10. HIT Open 2005 - B"]
[Site "Nova Gorica SLO"]
[Date "2005.02.02"]
[Round "8.5"]
[White "Zorat, Paolo"]
[Black "Pagnutti, Lorenzo"]
[Result "0-1"]
[WhiteElo "1900"]
[BlackElo "2060"]
[PlyCount "46"]
[EventDate "2005.01.28"]
[EventType "swiss"]
[EventRounds "9"]
[EventCountry "SLO"]
[Source "lmi"]
[SourceDate "2005.02.03"]

1. d4 Nf6 2. c4 g6 3. Nc3 Bg7 4. e4 d6 5. Be2 O-O 6. Bg5 Nbd7 7. Qd2 c5 8. d5
a6 9. f3 Ne8 10. g4 Ne5 11. h4 f6 12. Be3 Rb8 13. Qc2 Bd7 14. a4 Nc7 15. Kf2 b5
16. axb5 axb5 17. cxb5 Nxb5 18. Nxb5 Bxb5 19. Bxb5 Rxb5 20. Ne2 Rxb2 21. Qa4 f5
22. gxf5 gxf5 23. Rh3 Rb4 0-1

[Event "10. HIT Open 2005 - B"]
[Site "Nova Gorica SLO"]
[Date "2005.02.02"]
[Round "8.6"]
[White "Diotallevi, Maurizio"]
[Black "Punteri, Marco"]
[Result "1-0"]
[WhiteElo "2083"]
[BlackElo "2051"]
[PlyCount "63"]
[EventDate "2005.01.28"]
[EventType "swiss"]
[EventRounds "9"]
[EventCountry "SLO"]
[Source "lmi"]
[SourceDate "2005.02.03"]

1. e4 c5 2. Nf3 Nc6 3. d4 cxd4 4. Nxd4 Nf6 5. Nc3 e5 6. Ndb5 d6 7. Bg5 a6 8.
Na3 b5 9. Nd5 Qa5+ 10. Bd2 Qd8 11. Nxf6+ Qxf6 12. c4 Qg6 13. f3 Be7 14. cxb5
Bh4+ 15. g3 Bxg3+ 16. hxg3 Qxg3+ 17. Ke2 Nd4+ 18. Ke3 Bg4 19. Be2 f5 20. Rg1
Qf4+ 21. Kf2 Qh2+ 22. Rg2 Qh4+ 23. Kg1 Bh3 24. Bg5 Qh5 25. f4 Nxe2+ 26. Qxe2
Bg4 27. Qc4 fxe4 28. Qc6+ Kf7 29. Qxd6 Rhe8 30. Nc4 Bf3 31. Qd7+ Kg8 32. Bf6
1-0

[Event "10. HIT Open 2005 - B"]
[Site "Nova Gorica SLO"]
[Date "2005.02.02"]
[Round "8.7"]
[White "Di-Donato, Giovanni"]
[Black "Fantini, Marco"]
[Result "0-1"]
[WhiteElo "2125"]
[BlackElo "1850"]
[PlyCount "115"]
[EventDate "2005.01.28"]
[EventType "swiss"]
[EventRounds "9"]
[EventCountry "SLO"]
[Source "lmi"]
[SourceDate "2005.02.03"]

1. e4 e6 2. d4 d5 3. e5 c5 4. c3 Nc6 5. Nf3 Qb6 6. a3 Bd7 7. Be2 Rc8 8. b4 cxd4
9. cxd4 Nge7 10. O-O Nf5 11. Bb2 Na5 12. Nbd2 Be7 13. Bd3 Nc4 14. Nxc4 dxc4 15.
Bxf5 exf5 16. Bc3 Be6 17. d5 Rd8 18. d6 Rd7 19. Qa4 Bd8 20. Bd4 Qa6 21. Qxa6
bxa6 22. Rac1 Bb6 23. Rfd1 O-O 24. Ng5 Rc8 25. a4 Bd8 26. Nxe6 fxe6 27. Bc5 a5
28. Rd4 axb4 29. Bxb4 a5 30. Be1 Rc5 31. f4 c3 32. Kf1 c2 33. Rd2 Rc4 34. g3
Rxa4 35. Rdxc2 Kf7 36. Rc8 Ra2 37. h4 Rb2 38. Ra8 Ra2 39. Bf2 Kg6 40. Rb1 Kh5
41. Rbb8 Bc7 42. Rb7 Rc2 43. Rc8 Bd8 44. Rxd7 Rxc8 45. Rxg7 Rc1+ 46. Ke2 Rc2+
47. Ke1 a4 48. Rxh7+ Kg4 49. Bd4 Ba5+ 50. Kd1 Rd2+ 51. Kc1 Rxd4 52. Rg7+ Kf3
53. h5 a3 54. Ra7 Ra4 55. Rb7 a2 56. Rb3+ Kg4 57. Rb1 axb1=Q+ 58. Kxb1 0-1

[Event "10. HIT Open 2005 - B"]
[Site "Nova Gorica SLO"]
[Date "2005.02.02"]
[Round "8.8"]
[White "Plaskan, Jure"]
[Black "Valic, Jakob"]
[Result "1-0"]
[WhiteElo "2031"]
[BlackElo "1507"]
[PlyCount "87"]
[EventDate "2005.01.28"]
[EventType "swiss"]
[EventRounds "9"]
[EventCountry "SLO"]
[Source "lmi"]
[SourceDate "2005.02.03"]

1. e4 e5 2. Nf3 Nc6 3. Bb5 a6 4. Ba4 Nf6 5. O-O Be7 6. Re1 b5 7. Bb3 O-O 8. h3
d6 9. c3 Bb7 10. d4 exd4 11. cxd4 h6 12. Nc3 Na5 13. Bc2 c5 14. Qe2 Rc8 15. e5
dxe5 16. dxe5 Nd5 17. Nxd5 Qxd5 18. Rd1 Qc4 19. Bd3 Qe6 20. Bd2 b4 21. b3 Rfd8
22. Rac1 Bxf3 23. Qxf3 Qxe5 24. Bf4 Qf6 25. Qe4 g6 26. Bxa6 Qxa6 27. Qxe7 Re8
28. Rd6 Rxe7 29. Rxa6 Nb7 30. Bxh6 Nd8 31. Bg5 Rd7 32. Be3 Ne6 33. Kf1 Kf8 34.
Ra5 Rd5 35. Rc4 Ke7 36. Rxb4 Rd1+ 37. Ke2 Rb1 38. Rb7+ Ke8 39. Raa7 Nd4+ 40.
Bxd4 cxd4 41. Re7+ Kf8 42. Rxf7+ Ke8 43. Rh7 Rb2+ 44. Kf3 1-0

[Event "10. HIT Open 2005 - B"]
[Site "Nova Gorica SLO"]
[Date "2005.02.02"]
[Round "8.10"]
[White "Ursic, Jakob"]
[Black "Furlan, Albin"]
[Result "0-1"]
[WhiteElo "1943"]
[BlackElo "2083"]
[PlyCount "114"]
[EventDate "2005.01.28"]
[EventType "swiss"]
[EventRounds "9"]
[EventCountry "SLO"]
[Source "lmi"]
[SourceDate "2005.02.03"]

1. e4 c5 2. c3 e6 3. d4 d5 4. exd5 Qxd5 5. Nf3 Nc6 6. Be3 cxd4 7. cxd4 Nf6 8.
Nc3 Bb4 9. Bd2 Qd8 10. Bb5 Bd7 11. O-O O-O 12. Re1 Rc8 13. Ne5 Bxc3 14. Bxc3
Nxe5 15. dxe5 Nd5 16. Bxd7 Qxd7 17. Bb4 Rfe8 18. Qd2 Qa4 19. Bc3 Nxc3 20. bxc3
Qc4 21. Qd4 b6 22. Qxc4 Rxc4 23. Re3 Rd8 24. h3 Kf8 25. a3 Rd2 26. Rb1 Rd5 27.
Rb4 Rdc5 28. Rb3 Ke7 29. Kf1 Ra4 30. Re2 Rd5 31. Ra2 Rxe5 32. Rb4 Rea5 33. Rxa4
Rxa4 34. Ke2 b5 35. Kd3 a6 36. Kc2 f5 37. Kb3 g5 38. Rd2 h5 39. g3 Rc4 40. Rd4
Rxd4 41. cxd4 a5 42. f4 gxf4 43. gxf4 Kd6 44. Kc2 Kd5 45. Kc3 h4 46. Kd3 b4 47.
a4 b3 48. Kc3 b2 49. Kxb2 Kxd4 50. Kb3 Kd3 51. Kb2 Ke4 52. Kc3 Kxf4 53. Kd4 e5+
54. Kd3 e4+ 55. Ke2 Kg3 56. Ke3 Kxh3 57. Kf4 Kg2 0-1

[Event "10. HIT Open 2005 - B"]
[Site "Nova Gorica SLO"]
[Date "2005.02.02"]
[Round "8.11"]
[White "Samuelli, Daniele"]
[Black "Belardinelli, Franco"]
[Result "0-1"]
[WhiteElo "1700"]
[BlackElo "2000"]
[PlyCount "47"]
[EventDate "2005.01.28"]
[EventType "swiss"]
[EventRounds "9"]
[EventCountry "SLO"]
[Source "lmi"]
[SourceDate "2005.02.03"]

1. e4 e5 2. Nf3 Nf6 3. Nc3 Nc6 4. d4 exd4 5. Nxd4 Bb4 6. Bg5 h6 7. Nxc6 bxc6 8.
Bd2 Qe7 9. Qe2 d6 10. Qc4 c5 11. O-O-O O-O 12. f3 c6 13. Bf4 Rd8 14. Na4 Be6
15. Qa6 Ne8 16. a3 Qf6 17. Be3 Bxa3 18. bxa3 d5 19. Bxc5 dxe4 20. Bd4 Rxd4 21.
Rxd4 Qxd4 22. fxe4 Qe3+ 23. Kd1 Rd8+ 24. Bd3 0-1

[Event "10. HIT Open 2005 - B"]
[Site "Nova Gorica SLO"]
[Date "2005.02.02"]
[Round "8.12"]
[White "Antoniacci, Riccardo"]
[Black "Padjen, Zdenko"]
[Result "1/2-1/2"]
[WhiteElo "2000"]
[BlackElo "2069"]
[PlyCount "75"]
[EventDate "2005.01.28"]
[EventType "swiss"]
[EventRounds "9"]
[EventCountry "SLO"]
[Source "lmi"]
[SourceDate "2005.02.03"]

1. d4 Nf6 2. c4 g6 3. Nc3 d5 4. Nf3 Bg7 5. e3 O-O 6. cxd5 Nxd5 7. Nxd5 Qxd5 8.
Bd3 Bg4 9. h3 Bxf3 10. Qxf3 Qxf3 11. gxf3 Nd7 12. Rb1 a5 13. Bd2 Rfd8 14. Bc3
c5 15. d5 Ne5 16. Bxe5 Bxe5 17. f4 Bc7 18. Bc4 a4 19. Rd1 Ra5 20. h4 b5 21. Bf1
b4 22. h5 Kg7 23. Bc4 Raa8 24. Rh4 Kf6 25. hxg6 hxg6 26. e4 e5 27. dxe6 Rxd1+
28. Kxd1 Rd8+ 29. Ke2 fxe6 30. e5+ Kg7 31. Rg4 Kf7 32. Bd3 Rg8 33. Rg1 g5 34.
f5 Bxe5 35. fxe6+ Kf6 36. b3 axb3 37. axb3 Ra8 38. Bc4 1/2-1/2

[Event "10. HIT Open 2005 - B"]
[Site "Nova Gorica SLO"]
[Date "2005.02.02"]
[Round "8.13"]
[White "Nardin, Flavij"]
[Black "Leban, Matej"]
[Result "0-1"]
[WhiteElo "2062"]
[BlackElo "1603"]
[PlyCount "48"]
[EventDate "2005.01.28"]
[EventType "swiss"]
[EventRounds "9"]
[EventCountry "SLO"]
[Source "lmi"]
[SourceDate "2005.02.03"]

1. d4 Nf6 2. c4 e5 3. d5 Bc5 4. Nc3 d6 5. Bg5 Bxf2+ 6. Kd2 Bd4 7. Bxf6 Qxf6 8.
e3 Bb6 9. Qf3 Qh6 10. g4 O-O 11. h4 f5 12. g5 Qg6 13. Be2 Nd7 14. Qh5 Qxh5 15.
Bxh5 a5 16. Nh3 Nc5 17. Rhf1 f4 18. Rh1 fxe3+ 19. Ke2 Bf5 20. b3 Nd3 21. Bf3
Bd4 22. Ne4 Bxh3 23. Kxd3 Bxa1 24. Rxa1 Rxf3 0-1

[Event "10. HIT Open 2005 - B"]
[Site "Nova Gorica SLO"]
[Date "2005.02.02"]
[Round "8.14"]
[White "Kogoj, Boris"]
[Black "Milinkovic, Zdravko"]
[Result "1-0"]
[WhiteElo "1849"]
[BlackElo "2016"]
[PlyCount "89"]
[EventDate "2005.01.28"]
[EventType "swiss"]
[EventRounds "9"]
[EventCountry "SLO"]
[Source "lmi"]
[SourceDate "2005.02.03"]

1. e4 c5 2. Nf3 Nc6 3. Bc4 h6 4. O-O Nf6 5. d3 e5 6. a3 Be7 7. Be3 O-O 8. Nbd2
d6 9. c3 Be6 10. b4 Bxc4 11. Nxc4 b5 12. Ncd2 Ng4 13. h3 Nxe3 14. fxe3 Bg5 15.
Qe2 f5 16. exf5 Rxf5 17. Ne4 Be7 18. Rad1 Qb6 19. Qa2+ Kh8 20. Qe6 Raf8 21. Nh2
Rxf1+ 22. Rxf1 Rxf1+ 23. Nxf1 cxb4 24. axb4 d5 25. Qxd5 a6 26. d4 exd4 27. exd4
Qc7 28. Neg3 g6 29. Qf7 Bd6 30. Qxg6 Bf4 31. Nf5 Bc1 32. Nxh6 Bxh6 33. Qxh6+
Kg8 34. Qg6+ Kf8 35. Qf6+ Ke8 36. d5 Qa7+ 37. Kh1 Nd8 38. d6 Qd7 39. Ne3 Qe6
40. Qd4 Nf7 41. Nd5 Kd7 42. Nf6+ Kc6 43. Qc5+ Kb7 44. Qc7+ Ka8 45. Nd7 1-0

[Event "10. HIT Open 2005 - B"]
[Site "Nova Gorica SLO"]
[Date "2005.02.02"]
[Round "8.15"]
[White "Petrovic, Marko"]
[Black "Bonoli, Luciano"]
[Result "1-0"]
[WhiteElo "1927"]
[BlackElo "1725"]
[PlyCount "76"]
[EventDate "2005.01.28"]
[EventType "swiss"]
[EventRounds "9"]
[EventCountry "SLO"]
[Source "lmi"]
[SourceDate "2005.02.03"]

1. e4 d6 2. d4 Nf6 3. Nc3 g6 4. Bc4 Bg7 5. f3 O-O 6. Be3 c6 7. Qd2 b5 8. Bb3 a5
9. a4 b4 10. Nd1 e5 11. Ne2 exd4 12. Nxd4 d5 13. e5 Nfd7 14. f4 Nc5 15. Nf2
Nxb3 16. Nxb3 f6 17. exf6 Bxf6 18. O-O-O Qc7 19. Nd3 Bg4 20. Rde1 Nd7 21. Nbc5
Nxc5 22. Bxc5 Rfe8 23. Ne5 Bf5 24. h4 Be4 25. Ng4 Bg7 26. h5 Qd7 27. h6 Bxb2+
28. Kxb2 Qxg4 29. Qd4 Qd7 30. Qf6 Re6 31. Qd4 Qf7 32. Qf2 Rf6 33. Rh4 Re8 34.
Qd4 Ree6 35. Qf2 Bxg2 36. Rxe6 Rxe6 37. f5 Re4 38. Rxe4 Bxe4 1-0

[Event "10. HIT Open 2005 - B"]
[Site "Nova Gorica SLO"]
[Date "2005.02.02"]
[Round "8.16"]
[White "Bacic, Domagoj"]
[Black "Grosar, Gari"]
[Result "1-0"]
[WhiteElo "1534"]
[BlackElo "1500"]
[PlyCount "119"]
[EventDate "2005.01.28"]
[EventType "swiss"]
[EventRounds "9"]
[EventCountry "SLO"]
[Source "lmi"]
[SourceDate "2005.02.03"]

1. f4 f5 2. b3 b6 3. Bb2 Bb7 4. Nf3 Nf6 5. e3 e6 6. Bc4 Bc5 7. d4 Be7 8. O-O d5
9. Bd3 O-O 10. Ng5 Qc8 11. Qe2 h6 12. Nf3 c5 13. Ne5 Nbd7 14. Ng6 Re8 15. Nxe7+
Rxe7 16. Nd2 a6 17. Nf3 b5 18. dxc5 Nxc5 19. Ba3 Rc7 20. Rac1 Nxd3 21. cxd3
Rxc1 22. Rxc1 Qd8 23. Nd4 Qd7 24. Rc5 Rc8 25. Qc2 Ng4 26. Bc1 Rxc5 27. Qxc5 Qc8
28. b4 Nf6 29. Kf2 Ng4+ 30. Kg3 Qe8 31. h3 Nf6 32. Bb2 Nh5+ 33. Kh2 Qg6 34. Qc1
Qg3+ 35. Kg1 Qg6 36. Qe1 Qf7 37. Kf2 g5 38. g3 Kh7 39. Nf3 gxf4 40. exf4 Qg8
41. Qg1 Qd8 42. Bd4 Qc7 43. Qd1 a5 44. Ng5+ Kg6 45. Nxe6 Qd6 46. Nc5 Bc8 47.
Qe2 Kh7 48. Qxh5 Qe7 49. Qe2 Qc7 50. Qe5 Qf7 51. a3 a4 52. Kf3 Qh5+ 53. Kg2 Qf7
54. Kf2 h5 55. Qh8+ Kg6 56. Qxc8 Qe7 57. Qg8+ Kh6 58. Ne6 h4 59. Bg7+ Kh5 60.
Qh7# 1-0

[Event "10. HIT Open 2005 - B"]
[Site "Nova Gorica SLO"]
[Date "2005.02.02"]
[Round "8.18"]
[White "Peranovic, Zdravko"]
[Black "Vetrih, Joze"]
[Result "1-0"]
[WhiteElo "1500"]
[BlackElo "1805"]
[PlyCount "58"]
[EventDate "2005.01.28"]
[EventType "swiss"]
[EventRounds "9"]
[EventCountry "SLO"]
[Source "lmi"]
[SourceDate "2005.02.03"]

1. b4 d6 2. c4 a6 3. e3 Bd7 4. Bb2 f6 5. Nf3 e5 6. Bd3 Nc6 7. a3 Qe7 8. Nc3 f5
9. Nd5 Qd8 10. Bc2 e4 11. Nd4 Ne5 12. Qe2 c6 13. Nf4 Nf6 14. Nfe6 Bxe6 15. Nxe6
Qe7 16. Nxf8 Rxf8 17. O-O O-O-O 18. b5 c5 19. bxa6 b6 20. a4 Nc6 21. Bc3 Nd7
22. a5 Na7 23. Rab1 Kc7 24. axb6+ Nxb6 25. Ba5 Kc6 26. d4 Rf6 27. Rb2 Qc7 28.
Rfb1 Qc8 29. Bxb6 Qxa6 1-0

[Event "10. HIT Open 2005 - B"]
[Site "Nova Gorica SLO"]
[Date "2005.02.02"]
[Round "8.19"]
[White "Zivkovic, Jan"]
[Black "Stolfa, Rodolfo"]
[Result "1-0"]
[WhiteElo "1850"]
[BlackElo "1700"]
[PlyCount "63"]
[EventDate "2005.01.28"]
[EventType "swiss"]
[EventRounds "9"]
[EventCountry "SLO"]
[Source "lmi"]
[SourceDate "2005.02.03"]

1. e4 e5 2. Nf3 Nc6 3. Bc4 Be7 4. d4 d6 5. d5 Nb8 6. Nc3 f5 7. Qe2 f4 8. g3 Bg4
9. gxf4 exf4 10. Bxf4 g5 11. Bd2 Nh6 12. Qe3 Bxf3 13. Qxf3 Nf7 14. Qh5 Nd7 15.
O-O-O Nde5 16. Bb5+ c6 17. dxc6 bxc6 18. Ba4 a5 19. Nd5 O-O 20. Nxe7+ Qxe7 21.
f4 gxf4 22. Bxf4 Ng6 23. Bh6 Rfb8 24. Bxc6 Ra6 25. Bd5 Kh8 26. Be3 Nfe5 27.
Rhg1 Rb4 28. Rdf1 Rbb6 29. Bxb6 Rxb6 30. Rxg6 Rb8 31. Re6 Qd8 32. Rxe5 1-0

[Event "10. HIT Open 2005 - B"]
[Site "Nova Gorica SLO"]
[Date "2005.02.02"]
[Round "8.20"]
[White "Bizjak, Nejc"]
[Black "Valic, Marjan"]
[Result "1-0"]
[WhiteElo "1500"]
[BlackElo "1565"]
[PlyCount "90"]
[EventDate "2005.01.28"]
[EventType "swiss"]
[EventRounds "9"]
[EventCountry "SLO"]
[Source "lmi"]
[SourceDate "2005.02.03"]

1. e4 e5 2. Nf3 Bc5 3. d3 f6 4. Be2 d6 5. Nc3 Be6 6. O-O a6 7. Bd2 Nd7 8. h3
Ne7 9. Be3 c6 10. Nh2 b5 11. a3 Nb6 12. Bg4 Bf7 13. b4 Bd4 14. Bxd4 exd4 15.
Ne2 h5 16. Bf3 c5 17. e5 Ra7 18. exf6 gxf6 19. Nf4 Nbd5 20. Nxd5 Nxd5 21. Re1+
Kf8 22. Bxd5 Bxd5 23. Nf3 Rg7 24. g3 Qd7 25. Qe2 Rhg8 26. Kh2 Rg5 27. Nxg5 Rxg5
28. h4 Re5 29. Qd2 Qf5 30. Qf4 Kg7 31. Rxe5 Qxe5 32. Qxe5 fxe5 33. Re1 c4 34.
f4 Kf6 35. fxe5+ dxe5 36. Rf1+ Kg6 37. Re1 Kf5 38. Rf1+ Kg6 39. Re1 Kf5 40.
Rf1+ Kg6 41. Kh3 Be6+ 42. Kg2 Bd5+ 43. Kf2 e4 44. dxe4 Bxe4 45. Rd1 d3 1-0

[Event "10. HIT Open 2005 - B"]
[Site "Nova Gorica SLO"]
[Date "2005.02.02"]
[Round "8.21"]
[White "Mikuz, Slavko"]
[Black "Bembich, Corrado"]
[Result "0-1"]
[WhiteElo "1634"]
[BlackElo "2000"]
[PlyCount "54"]
[EventDate "2005.01.28"]
[EventType "swiss"]
[EventRounds "9"]
[EventCountry "SLO"]
[Source "lmi"]
[SourceDate "2005.02.03"]

1. e4 e5 2. Nf3 Nc6 3. Bc4 d6 4. Nc3 g6 5. d4 exd4 6. Nxd4 Ne5 7. Bb3 c6 8. O-O
Bg7 9. f4 c5 10. Nf3 Nxf3+ 11. Qxf3 Nh6 12. Bd2 Rb8 13. e5 O-O 14. Rad1 Bg4 15.
Qd5 dxe5 16. Rc1 Qxd5 17. Nxd5 exf4 18. Bxf4 Bd4+ 19. Kh1 Kg7 20. Bxb8 Rxb8 21.
c3 c4 22. Bc2 Bc5 23. h3 Rd8 24. hxg4 Rxd5 25. Rcd1 Rg5 26. Rf4 Nxg4 27. Rd2
Rh5# 0-1

[Event "10. HIT Open 2005 - B"]
[Site "Nova Gorica SLO"]
[Date "2005.02.02"]
[Round "8.22"]
[White "Mircoli, Filippo"]
[Black "Jug, Tina"]
[Result "1/2-1/2"]
[WhiteElo "1928"]
[BlackElo "1507"]
[PlyCount "79"]
[EventDate "2005.01.28"]
[EventType "swiss"]
[EventRounds "9"]
[EventCountry "SLO"]
[Source "lmi"]
[SourceDate "2005.02.03"]

1. e4 e5 2. Nf3 Nc6 3. Bc4 Bc5 4. c3 Bb6 5. d4 exd4 6. cxd4 d6 7. O-O Nf6 8.
Bg5 h6 9. Bh4 Bg4 10. d5 Ne5 11. Be2 Ng6 12. Bg3 O-O 13. h3 Bh5 14. Nc3 Re8 15.
Qc2 Ba5 16. Bd3 Bxf3 17. gxf3 Ne5 18. Be2 a6 19. a3 Qd7 20. Kg2 Rab8 21. f4 Ng6
22. b4 Bb6 23. f5 Nf8 24. Rac1 c6 25. Qa4 Nxe4 26. Nxe4 Rxe4 27. Bf3 Rd4 28.
dxc6 bxc6 29. Rxc6 a5 30. Qc2 axb4 31. axb4 Bd8 32. Rd1 Rxd1 33. Bxd1 Rb6 34.
Bf3 d5 35. Rxb6 Bxb6 36. Qd3 d4 37. b5 Nh7 38. h4 Nf6 39. Be5 Qd8 40. Bg3
1/2-1/2

[Event "10. HIT Open 2005 - B"]
[Site "Nova Gorica SLO"]
[Date "2005.02.02"]
[Round "8.23"]
[White "Portelli, Severino"]
[Black "Pulec, Lea"]
[Result "1-0"]
[WhiteElo "1903"]
[BlackElo "1554"]
[PlyCount "41"]
[EventDate "2005.01.28"]
[EventType "swiss"]
[EventRounds "9"]
[EventCountry "SLO"]
[Source "lmi"]
[SourceDate "2005.02.03"]

1. Nf3 Nf6 2. d4 d5 3. c4 e6 4. Nc3 b6 5. cxd5 exd5 6. Ne5 Bb7 7. Bg5 Be7 8. e3
O-O 9. Bd3 Nfd7 10. Bf4 Nxe5 11. Bxe5 Bd6 12. Bg3 Bxg3 13. hxg3 h6 14. Qf3 c6
15. Rxh6 g6 16. Bxg6 Qg5 17. Bh7+ Kg7 18. Rh5 Qd8 19. Qg4+ Kf6 20. Re5 Qd7 21.
Qg5# 1-0

[Event "10. HIT Open 2005 - B"]
[Site "Nova Gorica SLO"]
[Date "2005.02.02"]
[Round "8.24"]
[White "Winkler, Silvo"]
[Black "Muradore, Aldo"]
[Result "1/2-1/2"]
[WhiteElo "1783"]
[BlackElo "2000"]
[PlyCount "66"]
[EventDate "2005.01.28"]
[EventType "swiss"]
[EventRounds "9"]
[EventCountry "SLO"]
[Source "lmi"]
[SourceDate "2005.02.03"]

1. d4 d5 2. c4 c5 3. Nf3 cxd4 4. Qxd4 Nc6 5. Qxd5 Qxd5 6. cxd5 Nb4 7. Na3 Nxd5
8. e4 Nb4 9. Ne5 a6 10. Bc4 e6 11. O-O Nf6 12. f3 Bc5+ 13. Kh1 O-O 14. Bg5 Nd7
15. Ng4 b5 16. Bb3 Nd3 17. Rab1 Bb7 18. Nc2 Kh8 19. Rfd1 N7e5 20. Bh4 a5 21. a3
Rfe8 22. Rd2 f6 23. Nxe5 Nxe5 24. Rc1 Bc6 25. Bg3 Ng6 26. Bd6 Bb6 27. Nd4 Bxd4
28. Rxd4 e5 29. Rd2 a4 30. Bf7 Rec8 31. Be6 Re8 32. Bf7 Rec8 33. Rcd1 Be8
1/2-1/2

[Event "10. HIT Open 2005 - B"]
[Site "Nova Gorica SLO"]
[Date "2005.02.03"]
[Round "9.1"]
[White "Skoberne, Renato"]
[Black "Ursic, Mateja"]
[Result "1/2-1/2"]
[WhiteElo "2083"]
[BlackElo "2048"]
[PlyCount "22"]
[EventDate "2005.01.28"]
[EventType "swiss"]
[EventRounds "9"]
[EventCountry "SLO"]
[Source "lmi"]
[SourceDate "2005.02.03"]

1. Nf3 d5 2. d4 Nf6 3. Bf4 e6 4. e3 c5 5. c3 Nc6 6. Nbd2 Bd6 7. Bg3 O-O 8. Bd3
Re8 9. Ne5 Bxe5 10. dxe5 Nd7 11. Nf3 f6 1/2-1/2